Κατάλογος Βιβλιοθηκών Mediterranean College

Management and Cost Accounting (Record no. 897)

MARC details
000 -LEADER
fixed length control field 01709cam a22002294a 4500
005 - ΗΜΕΡΟΜΗΝΙΑ ΚΑΙ ΩΡΑ ΤΕΛΕΥΤΑΙΑΣ ΕΝΗΜΕΡΩΣΗΣ
Πεδίο ελέγχου 20250605163949.0
008 - FIXED-LENGTH DATA ELEMENTS--GENERAL INFORMATION
Πεδίο ελέγχου σταθερού μήκους 250528s ||||||||||||||||||||||||d
035 ## - SYSTEM CONTROL NUMBER
System control number 15307
020 ## - ISBN
ISBN 130805475
040 ## - ΠΗΓΗ ΚΑΤΑΛΟΓΟΓΡΑΦΗΣΗΣ
Φορέας πρωτότυπης καταλογογράφησης MC Athens Campus Library
Γλώσσα καταλογογράφησης Ελληνικά, Μοντέρνα (1453-)
Modifying agency MC Athens Campus Library
Κανόνες περιγραφικής καταλογογράφησης AACR2
245 1# - ΤΙΤΛΟΣ ΚΑΙ ΔΗΛΩΣΗ ΥΠΕΥΘΥΝΟΤΗΤΑΣ
Τίτλος Management and Cost Accounting
260 ## - PUBLICATION, DISTRIBUTION, ETC.
Name of publisher, distributor, etc. Financial Times - Prentice Hall,
Date of publication, distribution, etc. 1999
300 ## - PHYSICAL DESCRIPTION
Extent 898
520 ## - SUMMARY, ETC.
Summary, etc. The writers have combined their talents to produce a text unparalleled in terms of its case studies. European focus and questions on management and cost accounting. Preface and Guided Tour and Acknowledgements, Management and Cost Accounting Fundamentals, The Accountant's Role in the Organization, An Introduction to Cost Terms and Purposes, Job-Costing Systems, Process-Costing Systems, Cost Allocation, Cost Allocation: Joint-Cost Situations, Income Effects of Alternative Stock-Costing Methods, Accounting Information for Decision Making, Cost-Volume-Profit Relationships, Determining How Costs Behave, Activity-Based Costing, Capital investment Decisions, Planning and Budgetary Control Systems, Flexible Budgets and Variances and Management Control, Measuring Yield and Mix and Quantity Effects, Management Control Systems and Performance Issues, Control Systems and Transfer Pricing, Control Systems and Performance Measurement, Emerging Management Accounting Issues, Quality and Throughput Issues in Managing Costs, Time and Strategy as Emerging Issues in Cost Management, Appendices, Bibliography, Glossary, Index.
700 1# - ΠΡΟΣΘΕΤΗ ΑΝΑΓΡΑΦΗ--ΦΥΣΙΚΟ ΠΡΟΣΩΠΟ
Personal name Bhimani Alnoor
9 (RLIN) 1203
700 1# - ΠΡΟΣΘΕΤΗ ΑΝΑΓΡΑΦΗ--ΦΥΣΙΚΟ ΠΡΟΣΩΠΟ
Personal name Datar Srikant M
9 (RLIN) 1204
700 1# - ΠΡΟΣΘΕΤΗ ΑΝΑΓΡΑΦΗ--ΦΥΣΙΚΟ ΠΡΟΣΩΠΟ
Personal name Foster George
9 (RLIN) 930
700 1# - ΠΡΟΣΘΕΤΗ ΑΝΑΓΡΑΦΗ--ΦΥΣΙΚΟ ΠΡΟΣΩΠΟ
Personal name Horngren Charles T
9 (RLIN) 743
942 ## - ADDED ENTRY ELEMENTS (KOHA)
Koha item type Books
Holdings
Τύπος τεκμηρίου Βιβλιοθήκη Τρέχουσα τοποθεσία Barcode Αριθμός εισαγωγής Ημερομηνία απόκτησης Ταξιθετικό σύμβολο Αριθμός αντιτύπου Κατάσταση απόσυρσης Κατάσταση χαμένου Κατάσταση κατεστραμμένου Μη δανεισμός Σύνολο δανεισμών Ημερομηνία τελευταίας εμφάνισης Η τιμή ισχύει από
Books MC Athens Campus Library MC Athens Campus Library 9780000008961 1551 05/06/2025 658.1511 HOR 1           05/06/2025 05/06/2025

MC Athens Campus Library
Πατησίων 94 & Κοδριγκτώνος 13, 104 34
Πελλήνης 8 & Πατησίων 107, 112 51
Τ: +30 210 8899600

MC Thessaloniki Campus Library
Ίωνος Δραγούμη 21, 54625 | Ίωνος Δραγούμη 15, 54625
Τ: +30 2310 287779 – Τ: +30 2314 440300